|
|
|
|
| LEADER |
00954nam a2200229 i 4500 |
| 003 |
GR-PaULI |
| 005 |
20240919063351.0 |
| 008 |
220309t1962 fr g 000 1 fre d |
| 952 |
|
|
|0 0
|1 0
|2 ddc
|4 0
|6 192_000000000000000_RUS
|7 1
|9 357542
|a LISP
|b LISP
|c DON
|d 2022-03-09
|e ΨΥΧ
|i 255429
|l 0
|o 192 RUS
|p 025000290748
|r 2022-03-09 00:00:00
|t 1
|w 2022-03-09
|y BKN
|
| 999 |
|
|
|c 209181
|d 209181
|
| 040 |
|
|
|a GR-PaULI
|b gre
|c GR-PaULI
|e AACR2
|
| 041 |
1 |
|
|h eng
|k fre
|
| 082 |
0 |
4 |
|2 23
|a 192
|
| 100 |
1 |
|
|9 18207
|a Bernard, H. Russell
|q (Harvey Russell),
|d 1940-
|e συγγραφέας.
|
| 245 |
1 |
0 |
|a Ma conception du monde /
|c Bertrand Russell ; traduit de l' anglais par Louis Evrard.
|
| 260 |
|
|
|a France :
|b Gallimard,
|c 1962.
|
| 300 |
|
|
|a 183 σ. ;
|c 17 εκ.
|
| 600 |
1 |
0 |
|a Russell, Bertrand,
|d 1872-1970
|9 2114
|
| 650 |
|
4 |
|9 190789
|a Αναλυτική φιλοσοφία
|
| 700 |
1 |
|
|9 190788
|a Evrard, Louis
|e μεταφραστής.
|
| 942 |
|
|
|2 ddc
|c BK
|
| 998 |
|
|
|c Σαλαμούρα
|d 2022-03
|